Program a sborník konference INMED ... : Pardubice ... /

Korporativní autor: STAPRO (firma : Pardubice, Česko)
Další autoři: INMED (konference), STAPRO Slovensko
Jazyk: Slovenština
Čeština
Vydáno: Pardubice : STAPRO s.r.o., [2001]-
Témata:
Externí odkaz: Digitalizovaný dokument
Fyzický popis: ^^^svazků ; 21-23 cm
Odebírané svazky: 1(2001)-2(2002), 6(2006)-20(2021)-
Language note: Částečně slovenský text
Noviny a časopisy
Uloženo v:
LEADER 06341nas a2201189 i 4500
001 nkc20061702270
003 CZ PrNK
005 20211201104029.0
007 ta
008 061218c20019999xr ar 1 b0cze
015 |a cnb001702270 
035 |a (OCoLC)85724698 
040 |a ABA001  |b cze  |d OLA001  |d BOA001  |e rda 
041 0 |a cze  |a slo 
043 |a e-xr--- 
072 7 |a 614  |x Veřejné zdraví a hygiena  |2 Konspekt  |9 14 
080 |a 005.745-027.543  |2 MRF 
080 |a 614.2  |2 MRF 
080 |a 614.2:005  |2 MRF 
080 |a 614.2:007  |2 MRF 
080 |a (437.3)  |2 MRF 
080 |a (083.97)  |2 MRF 
080 |a (062.534)  |2 MRF 
080 |a (048.3)  |2 MRF 
111 2 |a INMED (konference)  |7 ko2006354378  |4 aut 
245 1 0 |a Program a sborník konference INMED ... :  |b Pardubice ... /  |c pořadatelé STAPRO Pardubice, STAPRO Slovensko, Košice 
246 1 |i Název od roku 2018:  |a ... ročník konference INMED :  |b program a sborník 
246 1 |i Obálkový podnázev některých ročníků:  |a Informační systémy - nástroj efektivního zdravotnictví 
246 3 0 |a INMED ... 
246 3 0 |a Konference INMED ... 
246 1 4 |a ... česko-slovenská konference INMED ... - program a sborník 
264 1 |a Pardubice :  |b STAPRO s.r.o.,  |c [2001]- 
300 |a ^^^svazků ;  |c 21-23 cm 
310 |a 1x ročně 
336 |a text  |b txt  |2 rdacontent 
337 |a bez média  |b n  |2 rdamedia 
338 |a svazek  |b nc  |2 rdacarrier 
362 0 |a 2001- 
500 |a Součástí názvu je označení běžného roku, součástí podnázvu datum (název i podnázev se nevýznamně mění) 
500 |a Ročník 2021 vydán ve dvouletém odstupu 
500 |a Jednotlivé svazky mají ISBN 
541 |c pv-r 
546 |a Částečně slovenský text 
588 |a Popsáno podle: 2006  |5 CZ-PrNK 
611 2 7 |a INMED (konference)  |7 ko2006354378  |2 czenas 
650 0 7 |a mezinárodní konference  |7 ph122805  |z Česko  |2 czenas 
650 0 7 |a zdravotnictví  |7 ph127574  |2 czenas 
650 0 7 |a zdravotnický management  |7 ph208146  |2 czenas 
650 0 7 |a zdravotnická informatika  |7 ph127561  |2 czenas 
650 0 9 |a international conferences  |z Czechia  |2 eczenas 
650 0 9 |a health service  |2 eczenas 
650 0 9 |a health service management  |2 eczenas 
650 0 9 |a health informatics  |2 eczenas 
655 7 |a programy  |7 fd133135  |2 czenas 
655 7 |a sborníky konferencí  |7 fd133333  |2 czenas 
655 7 |a abstrakta  |7 fd131780  |2 czenas 
655 9 |a programs  |2 eczenas 
655 9 |a proceedings of conferences  |2 eczenas 
655 9 |a abstracts  |2 eczenas 
710 2 |a STAPRO (firma : Pardubice, Česko)  |7 kn20030204026  |4 orm 
710 2 |a STAPRO Slovensko  |7 kn20030204027  |4 orm 
856 4 1 |u http://www.digitalniknihovna.cz/mzk/uuid/uuid:cd6db930-2824-11e2-9f39-005056827e51  |y Digitalizovaný dokument  |x NDK 
902 |a 80-238-7816-6  |q (2001 ;  |q brožováno) 
902 |a 80-903167-1-9  |q (2002 ;  |q brožováno) 
902 |a 80-903167-2-7  |q (2003 ;  |q brožováno) 
902 |a 80-903167-4-3  |q (2004 ;  |q brožováno) 
902 |a 80-903167-5-1  |q (2005 ;  |q brožováno) 
902 |a 80-903167-8-6  |q (2006 ;  |q brožováno)  |z 80-903167-8-2 
902 |a 978-80-903879-0-4  |q (2007 ;  |q brožováno) 
902 |a 978-80-903879-3-5  |q (2008 ;  |q brožováno) 
902 |a 978-80-903879-6-6  |q (2009 ;  |q brožováno) 
902 |a 978-80-903879-9-7  |q (2010 ;  |q brožováno) 
902 |a 978-80-87436-00-4  |q (2011 ;  |q brožováno) 
902 |a 978-80-87436-02-8  |q (2012 ;  |q brožováno) 
902 |a 978-80-87436-03-5  |q (2013 ;  |q brožováno) 
902 |a 978-80-87436-06-6  |q (2014 ;  |q brožováno) 
902 |a 978-80-87436-07-3  |q (2015 ;  |q brožováno) 
902 |a 978-80-87436-09-7  |q (2016 ;  |q brožováno) 
902 |a 978-80-87436-11-0  |q (2017 ;  |q brožováno) 
902 |a 978-80-87436-14-1  |q (2018 ;  |q brožováno) 
902 |a 978-80-87436-16-5  |q (2019 ;  |q brožováno) 
902 |a 978-80-87436-19-6  |q (2021 ;  |q brožováno) 
910 2 |a BOA001  |b 00042-1099.461  |s 1(2001)-2(2002), 6(2006)-20(2021)- 
990 |a SE 
995 |a 01 
996 6 |b 2610164396  |c 00042-1099.461  |d 2001  |y 2001  |l MZK  |r Sklad / do 1 hodiny  |n 0  |p p.v.  |w 000584727  |u 000010  |a 1  |e BOA001  |j MZK50  |s P 
996 6 |b 2610174510  |c 00042-1099.461  |d 2002  |y 2002  |l MZK  |r Sklad / do 1 hodiny  |n 2  |p p.v.  |w 000584727  |u 000020  |a 1  |e BOA001  |j MZK50  |s P 
996 6 |b 2610295696  |c 00042-1099.461  |d 2006  |v 2006  |y 2006  |l MZK  |r Sklad / do 1 hodiny  |n 0  |p p.v.  |w 000584727  |u 000030  |a 1  |e BOA001  |j MZK50  |s P 
996 6 |b 2610325541  |c 00042-1099.461  |d 2007  |v 2007  |y 2007  |l MZK  |r Sklad / do 1 hodiny  |n 0  |p p.v.  |w 000584727  |u 000040  |a 1  |e BOA001  |j MZK50  |s P 
996 6 |b 2610356657  |c 00042-1099.461  |d 2008  |v 8  |y 2008  |l MZK  |r Sklad / do 1 hodiny  |n 1  |p p.v.  |w 000584727  |u 000050  |a 1  |e BOA001  |j MZK50  |s P 
996 6 |b 2610392902  |c 00042-1099.461  |d 2009  |v 9  |y 2009  |l MZK  |r Sklad / do 1 hodiny  |n 1  |p p.v.  |w 000584727  |u 000060  |a 1  |e BOA001  |j MZK50  |s P 
996 6 |b 2610454084  |c 00042-1099.461  |d 2010  |v 10  |y 2010  |l MZK  |r Sklad / do 1 hodiny  |n 0  |p p.v.  |w 000584727  |u 000070  |a 1  |e BOA001  |j MZK50  |s P 
996 6 |b 2610489170  |c 00042-1099.461  |d 2011  |v 11  |y 2011  |l MZK  |r Sklad / do 1 hodiny  |n 0  |p p.v.  |w 000584727  |u 000080  |a 1  |e BOA001  |j MZK50  |s P 
996 6 |b 2610523799  |c 00042-1099.461  |d 2012 12  |v 12  |y 2012  |l MZK  |r Sklad / do 1 hodiny  |n 0  |p p.v.  |w 000584727  |u 000090  |a 1  |e BOA001  |j MZK50  |s P 
996 6 |b 2610571038  |c 00042-1099.461  |d 2013 13  |v 13  |y 2013  |l MZK  |r Sklad / do 1 hodiny  |n 0  |p p.v.  |w 000584727  |u 000100  |a 1  |e BOA001  |j MZK50  |s P 
996 6 |b 2610609537  |c 00042-1099.461  |d 2014 14  |v 14  |y 2014  |l MZK  |r Sklad / do 1 hodiny  |n 0  |p p.v.  |w 000584727  |u 000110  |a 1  |e BOA001  |j MZK50  |s P 
996 6 |b 2610645671  |c 00042-1099.461  |d 2015 15  |v 15  |y 2015  |l MZK  |r Sklad / do 1 hodiny  |n 0  |p p.v.  |w 000584727  |u 000120  |a 1  |e BOA001  |j MZK50  |s P 
996 6 |b 2610685585  |c 00042-1099.461  |d 2016 16  |v 16  |y 2016  |l MZK  |r Sklad / do 1 hodiny  |n 0  |p p.v.  |w 000584727  |u 000130  |a 1  |e BOA001  |j MZK50  |s P 
996 6 |b 2610719790  |c 00042-1099.461  |d 2017 17  |v 17  |y 2017  |l MZK  |r Sklad / do 1 hodiny  |n 0  |p p.v.  |w 000584727  |u 000140  |a 1  |e BOA001  |j MZK50  |s P 
996 6 |b 2610757698  |c 00042-1099.461  |d 2018 18  |v 18  |y 2018  |l MZK  |r Sklad / do 1 hodiny  |n 0  |p p.v.  |w 000584727  |u 000150  |a 1  |e BOA001  |j MZK50  |s P 
996 6 |b 2610802756  |c 00042-1099.461  |d 2019 19  |v 19  |y 2019  |l MZK  |r Sklad / do 1 hodiny  |n 0  |p p.v.  |w 000584727  |u 000160  |a 1  |e BOA001  |j MZK50  |s P 
996 6 |b 2610884415  |c 00042-1099.461  |d 2021 20  |v 20  |y 2021  |l MZK  |r Sklad / do 1 hodiny  |n 0  |p p.v.  |w 000584727  |u 000170  |a 1  |e BOA001  |j MZK50  |s P